00597cam a22002171 4500001001300000003000400013005001700017008004100034010001700075025002300092035002000115040002300135042001200158050001900170100001400189245006800203260006200271300001800333500001100351999001700362sa 66001064 DLC20260227112219.0960920s196u pk 000 0 pusr  asa 66001064  aPL480:P-Pushto-131 a(OCoLC)35599047 aDLCcCLUdCLUdDLC apremarc00aPK6820.J3bD220 aJamshayd.10aDa qiyāmat pīshīngūʼī.cAuthor: Jamshayd da Topạy. aPeṣhawar Ṣhahar,blslāmī Kutubʼkhānahc[196-?] a64 p.c18 cm. aPoems. c67571d67571